000 00460nam a2200193Ia 4500
003 GCL
008 140319s9999 xx 000 0 eng d
040 _aGCL /
_cGCL
082 0 4 _aP
_b360
_bW L
100 1 _aBARBARA HERZ
245 1 0 _aLETTING GIRLS LEARN /
_cBARBARA HERZ
260 _a[S.N] :
_bWORLD BANK DISUSSION PAPERS
300 _a93
650 0 4 _aLEARNING
650 0 4 _aEDUCATION
650 0 4 _aGIRLS
650 0 4 _aLEADER SHIP
942 _2ddc
_cCR
999 _c25801
_d25801